The Element of Grammar (Record no. 2518)

MARC details
000 -LEADER
fixed length control field 00334nam a22001337a 4500
008 - FIXED-LENGTH DATA ELEMENTS--GENERAL INFORMATION
fixed length control field 250320b |||||||| |||| 00| 0 eng d
020 ## - INTERNATIONAL STANDARD BOOK NUMBER
ISBN 0020154402
100 ## - MAIN ENTRY--AUTHOR
Author SHERTZER Margaret
245 ## - TITLE STATEMENT
Title The Element of Grammar
260 ## - PUBLICATION, DISTRIBUTION, ETC. (IMPRINT)
Place of publication London
Name of publisher Collier Macmillan Publishers
Date of publication 1986
300 ## - COLLATION
Pagination 168p.
942 ## - ADDED ENTRY ELEMENTS (KOHA)
Item type Books
050 ## - LIBRARY OF CONGRESS CALL NUMBER
Classification number PE128
Item number .S54
Holdings
Source of classification or shelving scheme Not for loan Permanent location Current location Date acquired Accession No. Full call number Barcode. Koha item type
Library of Congress Classification   Samuel Ogbemudia Main Library, University of Abuja Samuel Ogbemudia Main Library, University of Abuja 03/20/2025 2006/29149 PE128.S54 2025-0794 Books